00558nam a2200193Ia 450000500170000000800410001702000130005808200170007110000180008824500300010626000490013630000160018565000180020165000120021965000150023194200060024695200990025299900130035120240715045341.0240331s9999 xx 000 0 und d a13910590 a200.042bBAL aBalasuriya, T 0aMary and human liberation aColombobCentre for society & religionc1994 aiv, 52 p ., aHuman Rights  aHistory areligious  cL 001040708LaWERCLbWERCLcSSCd2024-03-31l0o 200.042 BALp3258r2024-03-31w2024-03-31yL c782d782